[Event "Panevezys op-A"]
[Site "Panevezys"]
[Date "2010.08.21"]
[Round "5"]
[White "Barsciauskas, Gintautas"]
[Black "Lomonosovas, Vitalijus"]
[Result "1-0"]
[WhiteElo "1875"]
[BlackElo "2038"]
[PlyCount "93"]
[EventDate "2010.08.18"]
[EventType "swiss"]
[EventRounds "9"]
[EventCountry "LTU"]
[SourceTitle "CBM 138 Extra"]
[Source "ChessBase"]
[SourceDate "2010.10.29"]
[SourceVersion "1"]
[SourceVersionDate "2010.10.29"]
[SourceQuality "1"]

1. d4 Nf6 2. c4 g6 3. Nc3 Bg7 4. e4 d6 5. g3 0-0 6. Bg2 e5 7. Nge2 Nc6 8. d5 Ne7 9. 0-0 Nd7 10. Be3 f5 11. f3 Nf6 12. Bf2 Bd7 13. h3 g5 14. g4 fxg4 15. fxg4 Ng6 16. Qd2 Nf4 17. Nxf4 gxf4 18. Bh4 Qc8 19. Kh2 h6 20. Ne2 Nh7 21. Ng1 Bf6 22. Bxf6 Rxf6 23. Nf3 h5 24. g5 Rg6 25. h4 Bg4 26. b4 Rg7 27. c5 Nf8 28. Rfc1 Qd8 29. a4 Ng6 30. Qe1 Kh7 31. b5 Qe7 32. c6 b6 33. a5 Rag8 34. axb6 axb6 35. Ra7 Bxf3 36. Bxf3 Nxh4 37. Qxh4 Rxg5 38. Qh3 R8g7 39. Rg1 Kh6 40. Ra8 R7g6 41. Rh8+ Kg7 42. Rxh5 Rxh5 43. Rxg6+ Kxg6 44. Qxh5+ Kg7 45. Qg4+ Kf8 46. Qc8+ Kf7 47. Qd7 1-0

[Event "Panevezys op-A"]
[Site "Panevezys"]
[Date "2010.08.19"]
[Round "3"]
[White "Voroblievas, Arturas"]
[Black "Lomonosovas, Vitalijus"]
[Result "0-1"]
[WhiteElo "1890"]
[BlackElo "2038"]
[PlyCount "170"]
[EventDate "2010.08.18"]
[EventType "swiss"]
[EventRounds "9"]
[EventCountry "LTU"]
[SourceTitle "CBM 138 Extra"]
[Source "ChessBase"]
[SourceDate "2010.10.29"]
[SourceVersion "1"]
[SourceVersionDate "2010.10.29"]
[SourceQuality "1"]

1. e4 Nf6 2. e5 Nd5 3. Nf3 d6 4. d4 Bg4 5. Bc4 e6 6. 0-0 Be7 7. h3 Bh5 8. Nc3 Nxc3 9. bxc3 dxe5 10. g4 Bg6 11. Nxe5 Nd7 12. Bf4 0-0 13. Nxg6 hxg6 14. Rb1 Nb6 15. Bb3 a5 16. a4 Bd6 17. Bxd6 Qxd6 18. Qf3 Rab8 19. Rfe1 Nd7 20. Rbd1 Nb6 21. c4 c5 22. Re5 Nd7 23. Re4 Nf6 24. Re5 Nd7 25. Re4 Qc7 26. c3 b6 27. Bc2 cxd4 28. Rexd4 Nc5 29. Qe2 Rbd8 30. Qd2 Rc8 31. Rd6 Rfe8 32. Qd4 Rf8 33. Rb1 Rb8 34. Rd1 Rfe8 35. Rd2 Qb7 36. f4 Qf3 37. Kh2 Qb7 38. Kg3 Qc7 39. Kg2 Qe7 40. Qe5 Red8 41. g5 Rxd6 42. Qxd6 Qxd6 43. Rxd6 Kf8 44. Kf3 Ke7 45. Rd4 Rc8 46. h4 Nb7 47. Bd3 Nd6 48. Kg3 Rc5 49. Kg4 Nf5 50. Bxf5 gxf5+ 51. Kf3 g6 52. Ke3 e5 53. fxe5 Rxe5+ 54. Kf2 Ke6 55. Kf3 Re1 56. Rd5 Rc1 57. Rb5 Rxc3+ 58. Kf2 Rxc4 59. Rxb6+ Ke7 60. Rb7+ Kf8 61. Rb5 Rxh4 62. Rxa5 Rh5 63. Ra7 Rxg5 64. a5 Rg4 65. Kf3 Ra4 66. a6 Kg7 67. Ra8 g5 68. a7 Ra3+ 69. Kg2 g4 70. Kf2 f4 71. Kg2 Ra2+ 72. Kf1 f3 73. Rb8 Rxa7 74. Rb4 f5 75. Kf2 Kf6 76. Rb6+ Kg5 77. Rb5 Ra2+ 78. Kg1 g3 79. Rb1 Kg4 80. Rb4+ f4 81. Rb1 Kh3 82. Rf1 Rg2+ 83. Kh1 Rh2+ 84. Kg1 f2+ 85. Rxf2 Rxf2 0-1

[Event "Baltija Cup op 7th"]
[Site "Palanga"]
[Date "2010.06.22"]
[Round "5"]
[White "Lomonosovas, Vitalijus"]
[Black "Stremavicius, Titas"]
[Result "0-1"]
[WhiteElo "2047"]
[BlackElo "1837"]
[PlyCount "98"]
[EventDate "2010.06.20"]
[EventType "swiss"]
[EventRounds "8"]
[EventCountry "LTU"]
[SourceTitle "EXT 2022"]
[Source "ChessBase"]
[SourceDate "2021.10.06"]
[SourceVersion "1"]
[SourceVersionDate "2021.10.06"]
[SourceQuality "1"]

1. Nf3 Nf6 2. e3 c5 3. b3 g6 4. Bb2 Bg7 5. d4 cxd4 6. exd4 0-0 7. Be2 d5 8. 0-0 Nc6 9. c4 Bg4 10. h3 Bxf3 11. Bxf3 e6 12. Nc3 dxc4 13. Bxc6 bxc6 14. bxc4 Rb8 15. Ba3 Re8 16. Bc5 Qa5 17. Rc1 Rb2 18. a3 Rb7 19. Qf3 Rc8 20. Rb1 Rxb1 21. Rxb1 Qa6 22. Qg3 Nd7 23. Ne4 Nxc5 24. dxc5 Qxc4 25. Rb8 Rf8 26. Rxf8+ Bxf8 27. Qf4 Qe2 28. Qe5 Qd1+ 29. Kh2 Qd8 30. Nf6+ Kg7 31. Ne4+ Kg8 32. g3 Bg7 33. Qf4 e5 34. Qe3 Qd4 35. Qf3 Qd5 36. Qe3 f5 37. Nc3 Qd4 38. Kg2 Qxe3 39. fxe3 Bf8 40. Na4 Kf7 41. e4 fxe4 42. Kf2 Ke6 43. Ke3 Bh6+ 44. Kxe4 Bc1 45. h4 h5 46. Nc3 Bxa3 47. Na4 Bb4 48. Kf3 Be1 49. Nb2 Kd5 0-1

[Event "Baltija Cup op 7th"]
[Site "Palanga"]
[Date "2010.06.21"]
[Round "3"]
[White "Lomonosovas, Vitalijus"]
[Black "Berzina, Ilze"]
[Result "0-1"]
[WhiteElo "2047"]
[BlackElo "2283"]
[PlyCount "78"]
[EventDate "2010.06.20"]
[EventType "swiss"]
[EventRounds "8"]
[EventCountry "LTU"]
[SourceTitle "EXT 2022"]
[Source "ChessBase"]
[SourceDate "2021.10.06"]
[SourceVersion "1"]
[SourceVersionDate "2021.10.06"]
[SourceQuality "1"]

1. Nf3 d5 2. c4 e6 3. e3 Nf6 4. Be2 Bd6 5. d4 c6 6. Nc3 Ne4 7. 0-0 0-0 8. Qc2 f5 9. Ne5 Nd7 10. f4 Ndf6 11. c5 Bc7 12. Bd2 Bd7 13. Be1 Nxc3 14. Bxc3 Be8 15. b4 h6 16. a4 Bh5 17. Bd3 g5 18. b5 Bxe5 19. dxe5 Ne4 20. Bd4 Kh8 21. Bxe4 fxe4 22. bxc6 bxc6 23. Rab1 Qe7 24. Rb3 Rab8 25. Rxb8 Rxb8 26. Rb1 Rf8 27. Qf2 gxf4 28. exf4 Rg8 29. Kh1 Bg6 30. Rb3 Bf5 31. Qb2 Qh4 32. Qd2 Qh5 33. Re3 Rb8 34. h3 Rb1+ 35. Kh2 Qd1 36. Qa5 Qg1+ 37. Kg3 Rb7 38. Kh4 Qf2+ 39. g3 Qh2 0-1

[Event "Baltija Cup op 7th"]
[Site "Palanga"]
[Date "2010.06.20"]
[Round "1"]
[White "Lomonosovas, Vitalijus"]
[Black "Vanagaite, Giedre"]
[Result "1-0"]
[WhiteElo "2047"]
[BlackElo "1788"]
[PlyCount "63"]
[EventDate "2010.06.20"]
[EventType "swiss"]
[EventRounds "8"]
[EventCountry "LTU"]
[SourceTitle "EXT 2022"]
[Source "ChessBase"]
[SourceDate "2021.10.06"]
[SourceVersion "1"]
[SourceVersionDate "2021.10.06"]
[SourceQuality "1"]

1. Nf3 d5 2. c4 c6 3. e3 Nf6 4. Nc3 e6 5. Be2 Nbd7 6. d4 dxc4 7. Bxc4 b5 8. Bd3 Bb7 9. 0-0 a6 10. e4 c5 11. e5 cxd4 12. Nxb5 Bxf3 13. Qxf3 Nxe5 14. Nc7+ Kd7 15. Qxa8 Qxa8 16. Nxa8 Nxd3 17. Rd1 Bc5 18. Rxd3 Rxa8 19. Bf4 Nd5 20. Be5 Nb4 21. Rd2 Nc6 22. Bxg7 e5 23. Rc1 Rg8 24. Rxc5 Rxg7 25. Kf1 f5 26. f3 Rf7 27. Ke2 Kd6 28. Rc1 e4 29. fxe4 fxe4 30. Rxc6+ Kxc6 31. Rxd4 Rg7 32. g3 1-0

[Event "Panevezys op-A"]
[Site "Panevezys"]
[Date "2009.08.20"]
[Round "5"]
[White "Lomonosovas, Vitalijus"]
[Black "Daulyte Cornette, Deimante"]
[Result "0-1"]
[WhiteElo "2115"]
[BlackElo "2268"]
[PlyCount "144"]
[EventDate "2009.08.17"]
[EventType "swiss"]
[EventRounds "9"]
[EventCountry "LTU"]
[SourceTitle "CBM 131 Extra"]
[Source "ChessBase"]
[SourceDate "2009.09.03"]
[SourceVersion "2"]
[SourceVersionDate "2009.09.16"]
[SourceQuality "1"]

1. Nf3 Nf6 2. d4 g6 3. c4 Bg7 4. Nc3 0-0 5. e4 d6 6. Be2 e5 7. 0-0 Na6 8. Bg5 h6 9. Bh4 Qe8 10. d5 g5 11. Bg3 Nh5 12. Nd2 Nf4 13. Rb1 f5 14. b4 Nxe2+ 15. Qxe2 f4 16. f3 fxg3 17. hxg3 g4 18. Nd1 Qg6 19. f4 exf4 20. gxf4 Bd4+ 21. Ne3 Bd7 22. Qd3 Bg7 23. g3 Rae8 24. Kg2 Re7 25. a3 h5 26. Rh1 Bf6 27. c5 dxc5 28. b5 Nb8 29. Qc4 Rff7 30. e5 Bxe5 31. fxe5 Rxe5 32. Rbe1 c6 33. Qxc5 Qd3 34. Ndc4 Qe4+ 35. Kg1 Rxd5 36. Qxa7 Rf8 37. Rh2 cxb5 38. Rf1 Rxf1+ 39. Nxf1 bxc4 40. Qxb8+ Qe8 41. Qf4 b5 42. a4 Rf5 43. Qc1 Qe4 44. axb5 Bxb5 45. Qc3 Rf3 46. Qb2 Qe1 47. Rf2 Rxg3+ 48. Kh2 Rh3+ 49. Kg1 Qe4 50. Rh2 Rxh2 51. Kxh2 Qf4+ 52. Kg1 Bc6 53. Qb6 Qe4 54. Qd8+ Kf7 55. Qc7+ Ke6 56. Qc8+ Kd6 57. Qd8+ Kc5 58. Qa5+ Kd4 59. Qd2+ Qd3 60. Qf4+ Kc3 61. Qc1+ Kb4 62. Qb2+ Kc5 63. Qe5+ Qd5 64. Qe7+ Kb5 65. Ne3 Qc5 66. Qe6 c3 67. Kf2 Qd4 68. Qf5+ Kb6 69. Qb1+ Kc7 70. Qh7+ Qd7 71. Qh6 Qd2+ 72. Kg3 Qd6+ 0-1

[Event "Panevezys op-A"]
[Site "Panevezys"]
[Date "2009.08.20"]
[Round "6"]
[White "Rimeikis, Andrius"]
[Black "Lomonosovas, Vitalijus"]
[Result "0-1"]
[WhiteElo "1988"]
[BlackElo "2115"]
[PlyCount "106"]
[EventDate "2009.08.17"]
[EventType "swiss"]
[EventRounds "9"]
[EventCountry "LTU"]
[SourceTitle "CBM 131 Extra"]
[Source "ChessBase"]
[SourceDate "2009.09.03"]
[SourceVersion "2"]
[SourceVersionDate "2009.09.16"]
[SourceQuality "1"]

1. e4 g6 2. d4 Bg7 3. Nf3 c6 4. Nc3 d5 5. Bf4 Nf6 6. e5 Nfd7 7. e6 fxe6 8. Qd2 0-0 9. Bh6 Qc7 10. Bxg7 Kxg7 11. Ng5 Rf6 12. 0-0-0 Nf8 13. g3 e5 14. dxe5 Qxe5 15. Re1 Qd6 16. f4 h6 17. Nf3 Be6 18. h4 h5 19. Ng5 Nbd7 20. Rh2 Bg4 21. Be2 Bxe2 22. Rhxe2 Re8 23. Qd4 b6 24. Kb1 Kg8 25. a3 a5 26. Nf3 b5 27. Ne5 b4 28. axb4 axb4 29. Nd1 c5 30. Qd3 c4 31. Qd4 Qc5 32. Qxc5 Nxc5 33. Ne3 e6 34. Nc6 Ra8 35. Nxb4 Rf7 36. c3 Ne4 37. Rg1 Rfa7 38. Nbc2 Nc5 39. Na3 Rb8 40. Ka2 Nd3 41. Rb1 Rb3 42. Nec2 Rxb2+ 43. Rxb2 Nc1+ 44. Kb1 Nxe2 45. Nb5 Rb7 46. Ncd4 Nxg3 47. Kc1 Rf7 48. Rg2 Nf5 49. Nf3 Ne7 50. Nfd4 Rxf4 51. Ra2 e5 52. Ne2 Rxh4 53. Ra7 Nf5 0-1

[Event "Panevezys op-A"]
[Site "Panevezys"]
[Date "2008.08.12"]
[Round "1"]
[White "Klabis, Rokas"]
[Black "Lomonosovas, Vitalijus"]
[Result "0-1"]
[WhiteElo "1838"]
[BlackElo "2123"]
[PlyCount "86"]
[EventDate "2008.08.12"]
[EventType "swiss"]
[EventRounds "9"]
[EventCountry "LTU"]
[SourceTitle "CBM 125 Extra"]
[Source "ChessBase"]
[SourceDate "2008.09.01"]
[SourceVersion "1"]
[SourceVersionDate "2008.09.01"]
[SourceQuality "1"]

1. e4 d6 2. d4 Nd7 3. f4 e5 4. Nf3 exd4 5. Qxd4 Ngf6 6. Bd3 Be7 7. Nbd2 0-0 8. Nb3 c5 9. Qe3 Ng4 10. Qe2 Re8 11. c4 f5 12. 0-0 fxe4 13. Bxe4 Ndf6 14. Bc2 d5 15. cxd5 Qxd5 16. Ne5 Bd6 17. Rd1 Qe6 18. Bd3 Nxe5 19. fxe5 Qxe5 20. Qxe5 Bxe5 21. Bc4+ Kh8 22. h3 b6 23. Bb5 Rf8 24. Re1 Bd6 25. Bc6 Rb8 26. Rd1 Bc7 27. Bg5 Bf5 28. Re1 Bd6 29. Rad1 Rbd8 30. g4 Bg6 31. Re6 Bh2+ 32. Kxh2 Rxd1 33. Re7 c4 34. Nd2 h6 35. Be3 Ng8 36. Rxa7 Rxd2+ 37. Bxd2 Rf2+ 38. Kg3 Rxd2 39. Ra8 Kh7 40. h4 Rxb2 41. Bd5 Nf6 42. Bxc4 Be4 43. g5 Bxa8 0-1

[Event "Baltija Cup op 5th"]
[Site "Palanga"]
[Date "2008.06.19"]
[Round "6"]
[White "Lomonosovas, Vitalijus"]
[Black "Ziogas, Modestas"]
[Result "1-0"]
[WhiteElo "2121"]
[BlackElo "2086"]
[PlyCount "69"]
[EventDate "2008.06.16"]
[EventType "swiss"]
[EventRounds "8"]
[EventCountry "LTU"]
[SourceTitle "EXT 2022"]
[Source "ChessBase"]
[SourceDate "2021.10.06"]
[SourceVersion "1"]
[SourceVersionDate "2021.10.06"]
[SourceQuality "1"]

1. Nf3 d5 2. e3 c5 3. b3 Nc6 4. Bb5 Bg4 5. h3 Bh5 6. Bb2 e6 7. Bxc6+ bxc6 8. d3 Nf6 9. Nbd2 Be7 10. g4 Bg6 11. Ne5 Qc7 12. Qe2 a5 13. a4 Bd6 14. f4 Rb8 15. 0-0-0 Qb6 16. h4 h5 17. Nxg6 fxg6 18. gxh5 gxh5 19. Rhg1 Rb7 20. Rg5 Ng4 21. Rxg7 Rxg7 22. Bxg7 Rh7 23. Bb2 c4 24. dxc4 Nxe3 25. Re1 Bxf4 26. Qd3 Nf5 27. Qxf5 Bxd2+ 28. Kxd2 Re7 29. Rxe6 Qb4+ 30. Bc3 Qc5 31. Rxe7+ Kxe7 32. Qf6+ Kd7 33. Qf7+ Kc8 34. cxd5 cxd5 35. Qe8+ 1-0

[Event "Baltija Cup op 5th"]
[Site "Palanga"]
[Date "2008.06.17"]
[Round "2"]
[White "Lomonosovas, Vitalijus"]
[Black "Dzikia, Aleksandras"]
[Result "1-0"]
[WhiteElo "2121"]
[BlackElo "1896"]
[PlyCount "72"]
[EventDate "2008.06.16"]
[EventType "swiss"]
[EventRounds "8"]
[EventCountry "LTU"]
[SourceTitle "EXT 2022"]
[Source "ChessBase"]
[SourceDate "2021.10.06"]
[SourceVersion "1"]
[SourceVersionDate "2021.10.06"]
[SourceQuality "1"]

1. Nf3 e6 2. c4 f5 3. g3 b6 4. Bg2 Bb7 5. 0-0 Nf6 6. Nc3 Be7 7. d4 0-0 8. d5 exd5 9. cxd5 Bb4 10. Nh4 Bxc3 11. bxc3 Ne4 12. Ba3 d6 13. Bb2 Qf6 14. Qc2 Re8 15. f3 Nc5 16. Nxf5 Qf8 17. e4 Nbd7 18. c4 Nf6 19. Rae1 Bc8 20. Nd4 Qf7 21. f4 Ng4 22. h3 Nh6 23. g4 Qg6 24. f5 Qg5 25. Nf3 Qe7 26. e5 dxe5 27. Rxe5 Qf8 28. Rxe8 Qxe8 29. Re1 Qf8 30. Ng5 Nf7 31. Ne6 Bxe6 32. dxe6 Ng5 33. e7 Qe8 34. Bd5+ Kh8 35. Bxa8 Nxh3+ 36. Kh2 Nf4 1-0

[Event "Baltija Cup op 5th"]
[Site "Palanga"]
[Date "2008.06.17"]
[Round "3"]
[White "Rimeikis, Andrius"]
[Black "Lomonosovas, Vitalijus"]
[Result "0-1"]
[WhiteElo "1955"]
[BlackElo "2121"]
[PlyCount "124"]
[EventDate "2008.06.16"]
[EventType "swiss"]
[EventRounds "8"]
[EventCountry "LTU"]
[SourceTitle "EXT 2022"]
[Source "ChessBase"]
[SourceDate "2021.10.06"]
[SourceVersion "1"]
[SourceVersionDate "2021.10.06"]
[SourceQuality "1"]

1. e4 Nc6 2. Nf3 d6 3. d4 Nf6 4. Nc3 Bg4 5. Be2 e5 6. Be3 Be7 7. 0-0 0-0 8. Qd2 Bxf3 9. Bxf3 exd4 10. Bxd4 Nxd4 11. Qxd4 c6 12. Rad1 Qb6 13. Ne2 Ne8 14. Qc4 Rb8 15. b3 Nf6 16. Ng3 g6 17. Rfe1 Rbd8 18. Rd2 Qa5 19. b4 d5 20. bxa5 dxc4 21. Red1 Rxd2 22. Rxd2 Rd8 23. Rxd8+ Bxd8 24. Be2 c3 25. a6 b5 26. Bd3 Ng4 27. Ne2 Bb6 28. Nxc3 Nxf2 29. Kf1 Ng4 30. Ke2 Nxh2 31. Nb1 Ng4 32. Nd2 Ne5 33. c4 b4 34. Nf3 Nd7 35. Bc2 Nc5 36. Ne5 Nxa6 37. Nxc6 Bc5 38. Ne5 Kg7 39. Nf3 f6 40. Kd3 Bf2 41. Nd2 Nc5+ 42. Ke2 Bg1 43. Nf3 Nxe4 44. Bxe4 Bc5 45. Nd2 f5 46. Bc6 Kf6 47. Nb3 Bg1 48. Bf3 h5 49. c5 Ke7 50. c6 Kd8 51. Kd3 h4 52. Na5 g5 53. Nb7+ Kc7 54. Kc4 g4 55. Bd5 f4 56. Kd3 f3 57. gxf3 g3 58. f4 h3 59. Ke2 g2 60. Bxg2 hxg2 61. Kf3 Bb6 62. Kxg2 Kxc6 0-1

[Event "LTU-ch sf"]
[Site "Vilnius"]
[Date "2008.02.18"]
[Round "6"]
[White "Lomonosovas, Vitalijus"]
[Black "Klabis, Rokas"]
[Result "1-0"]
[WhiteElo "2135"]
[BlackElo "1812"]
[PlyCount "55"]
[EventDate "2008.02.15"]
[EventType "swiss"]
[EventRounds "9"]
[EventCountry "LTU"]
[SourceTitle "CBM 123 Extra"]
[Source "ChessBase"]
[SourceDate "2008.05.06"]
[SourceVersion "1"]
[SourceVersionDate "2008.05.06"]
[SourceQuality "1"]

1. e4 c5 2. Nf3 d6 3. Nc3 Nc6 4. Bb5 a6 5. Bxc6+ bxc6 6. h3 e6 7. 0-0 Ne7 8. e5 d5 9. d3 h6 10. Na4 Ng6 11. b3 Qc7 12. Re1 a5 13. Ba3 Qa7 14. c4 Be7 15. Rc1 d4 16. g3 Bd7 17. Nd2 Rc8 18. f4 h5 19. h4 Nf8 20. Ne4 g6 21. Bxc5 Bxc5 22. Naxc5 Ke7 23. Qd2 Be8 24. Qb2 Qb6 25. Na4 Qb4 26. a3 Qb7 27. Qxd4 Nd7 28. Nd6 1-0

[Event "Baltija Cup op 4th"]
[Site "Palanga"]
[Date "2007.06.17"]
[Round "2"]
[White "Lomonosovas, Vitalijus"]
[Black "Barsciauskas, Gintautas"]
[Result "1-0"]
[WhiteElo "2143"]
[BlackElo "1923"]
[PlyCount "98"]
[EventDate "2007.06.16"]
[EventType "swiss"]
[EventRounds "8"]
[EventCountry "LTU"]
[SourceTitle "EXT 2022"]
[Source "ChessBase"]
[SourceDate "2021.10.06"]
[SourceVersion "1"]
[SourceVersionDate "2021.10.06"]
[SourceQuality "1"]

1. Nf3 d6 2. d4 Nd7 3. e4 e5 4. Bc4 c6 5. c3 b5 6. Bb3 Be7 7. 0-0 Ngf6 8. Re1 0-0 9. a4 Bb7 10. Nbd2 a6 11. Nf1 c5 12. Ng3 c4 13. Bc2 Re8 14. Nf5 Qc7 15. Nxe7+ Rxe7 16. axb5 axb5 17. Rxa8+ Bxa8 18. d5 Re8 19. Nh4 Nf8 20. Nf5 Ng6 21. h4 h6 22. Qf3 Nh7 23. Qg3 Nf6 24. Qf3 Nh7 25. Be3 Ne7 26. Ng3 Bb7 27. Nh5 Ng6 28. g3 Ra8 29. Qd1 Bc8 30. Qc1 Bg4 31. Bd1 Qc8 32. Bxg4 Qxg4 33. Qd1 Qxd1 34. Rxd1 Ne7 35. g4 Ng6 36. g5 Nxh4 37. gxh6 g6 38. Ng3 f5 39. f4 Nf6 40. fxe5 dxe5 41. exf5 gxf5 42. Bc5 f4 43. Nf1 Nf5 44. Nh2 Kh7 45. Nf3 e4 46. Ne5 Nxh6 47. d6 Nf5 48. d7 Nxd7 49. Rxd7+ Ng7 1-0

[Event "Baltija Cup op 4th"]
[Site "Palanga"]
[Date "2007.06.16"]
[Round "1"]
[White "Jankunas, Valentinas"]
[Black "Lomonosovas, Vitalijus"]
[Result "1/2-1/2"]
[WhiteElo "1842"]
[BlackElo "2143"]
[PlyCount "61"]
[EventDate "2007.06.16"]
[EventType "swiss"]
[EventRounds "8"]
[EventCountry "LTU"]
[SourceTitle "EXT 2022"]
[Source "ChessBase"]
[SourceDate "2021.10.06"]
[SourceVersion "1"]
[SourceVersionDate "2021.10.06"]
[SourceQuality "1"]

1. e4 g6 2. d4 Bg7 3. Nf3 c6 4. Be2 d5 5. exd5 cxd5 6. 0-0 Nf6 7. Ne5 0-0 8. Nd2 Bf5 9. Ndf3 Ne4 10. c3 f6 11. Nd3 Nc6 12. Be3 Be6 13. Nd2 Nd6 14. f4 b6 15. Re1 Bf7 16. Nf3 Rc8 17. Rc1 Qc7 18. g3 Na5 19. Nd2 Nac4 20. Nxc4 Nxc4 21. Bf2 Nd6 22. Bf3 Ne4 23. Be3 h5 24. Nf2 f5 25. Nd3 Bf6 26. Ne5 Kg7 27. Rf1 Rh8 28. Qe2 Be6 29. Kh1 Rh7 30. Kg2 Rch8 31. Qd1 1/2-1/2

[Event "Panevezys-ch"]
[Site "Panevezys"]
[Date "2007.02.11"]
[Round "2"]
[White "Stauskas, Adolfas"]
[Black "Lomonosovas, Vitalijus"]
[Result "0-1"]
[WhiteElo "1798"]
[BlackElo "2143"]
[PlyCount "74"]
[EventDate "2007.02.04"]
[EventType "tourn"]
[EventRounds "13"]
[EventCountry "LTU"]
[SourceTitle "EXT 2010"]
[Source "ChessBase"]
[SourceDate "2010.11.25"]
[SourceVersion "1"]
[SourceVersionDate "2010.11.25"]
[SourceQuality "1"]

1. e4 c5 2. f4 Nf6 3. d3 d5 4. e5 Nfd7 5. Nf3 e6 6. Be2 Nc6 7. 0-0 Be7 8. c3 0-0 9. Qe1 b5 10. b3 d4 11. c4 bxc4 12. bxc4 Rb8 13. Na3 f6 14. exf6 Bxf6 15. Qg3 e5 16. Ng5 e4 17. Nb5 Bxg5 18. fxg5 Rxf1+ 19. Bxf1 e3 20. Nd6 Nde5 21. Nxc8 Qxc8 22. Ba3 Qf5 23. Rd1 Rf8 24. h3 Qf2+ 25. Qxf2 Rxf2 26. Re1 Rxa2 27. Bxc5 Nf7 28. Bxd4 Nxd4 29. Rxe3 Nxg5 30. Re5 Nge6 31. Re1 a5 32. Rb1 a4 33. Kh2 Kf7 34. h4 a3 35. h5 Rb2 36. Rc1 a2 37. c5 Rb1 0-1